Problems of democracy in Argentina : Alfonsin, crisis and elections / by Manuel Alcantara Alfonsin, crisis and elections / by Manuel Alcantara
Descripción Física:
65 p. : taules ; 21 cm
MARC
| LEADER | 00000nam a2200000Ia 4500 | ||
|---|---|---|---|
| 001 | 16388 | ||
| 008 | 160829s1990 xx 000 0 cat d | ||
| 080 | |a M-5-18 | ||
| 100 | |a Alcántara, Manuel |9 23617 | ||
| 245 | |a Problems of democracy in Argentina : |b Alfonsin, crisis and elections / by Manuel Alcantara | ||
| 260 | |a Barcelona : |b Institut de Ciències Polítiques i Socials, |c 1990 | ||
| 300 | |a 65 p. : |b taules ; |c 21 cm | ||
| 490 | 1 | |a Working papers / Institut de Ciències Polítiques i Socials ; |v 21 | |
| 590 | |a Notes. | ||
| 590 | |a Bibliografia | ||
| 650 | |a Alfonsín, Raúl |9 23618 | ||
| 650 | |a Argentina |x Política i govern |9 23619 | ||
| 710 | 2 | |a Institut de Ciències Polítiques i Socials (Barcelona, Catalunya) |9 55871 | |
| 830 | 0 | |9 56044 |a Working papers (Institut de Ciències Polítiques i Socials (Barcelona, Catalunya)) |v 21 | |
| 901 | |a Arxiu | ||
| 942 | |n 1 |2 udc | ||
| 952 | |0 0 |1 0 |4 0 |6 M518 |7 1 |9 42779 |a Arxiu |b Arxiu |d 2016-12-01 |l 0 |o M-5-18 |p 16388 |r 2016-12-01 00:00:00 |w 2016-12-01 |y ARXIU | ||
| 999 | |c 45285 |d 45285 | ||